[Event "47th IT Bosna 2017"]
[Site "Sarajevo"]
[Date "2017.05.13"]
[Round "1.1"]
[White "Demchenko, Anton"]
[Black "Miladinovic, Zlatko"]
[Result "1-0"]
[WhiteElo "2629"]
[BlackElo "2077"]
[PlyCount "57"]
[EventDate "2017.05.13"]

1. e4 c5 2. Nf3 Nc6 3. Bb5 Qb6 4. Na3 Nf6 5. e5 Nd5 6. O-O Nd4 7. Bc4 Qc6 8.
Nxd4 cxd4 9. Qg4 e6 10. d3 Nb6 11. Bb3 a5 12. Bd2 h5 13. Qxd4 Bxa3 14. bxa3 a4
15. Bc4 Nxc4 16. dxc4 b6 17. Rfb1 Rb8 18. Bb4 Ba6 19. Qh4 d6 20. Bxd6 Rb7 21.
c5 b5 22. Qg5 Rh7 23. c4 h4 24. h3 g6 25. cxb5 Bxb5 26. Rb4 Rh5 27. Qf6 Rf5 28.
Qh8+ Kd7 29. Rd1 1-0

[Event "47th IT Bosna 2017"]
[Site "Sarajevo"]
[Date "2017.05.13"]
[Round "1.2"]
[White "Sahin, Doga Boran"]
[Black "Nikolic, Predrag"]
[Result "0-1"]
[WhiteElo "2060"]
[BlackElo "2607"]
[PlyCount "68"]
[EventDate "2017.05.13"]

1. e4 d6 2. d4 g6 3. Nc3 c6 4. a4 Bg7 5. Nf3 Bg4 6. Be2 Nd7 7. Be3 a5 8. h3
Bxf3 9. Bxf3 e5 10. dxe5 dxe5 11. Qd2 Ngf6 12. O-O-O Qe7 13. g4 h6 14. h4 Nf8
15. g5 hxg5 16. hxg5 Rxh1 17. Rxh1 N6d7 18. Bg4 Nc5 19. Rd1 Nfe6 20. Nd5 cxd5
21. exd5 Qc7 22. Qe2 Nf8 23. d6 Qc6 24. Bf3 e4 25. Bxc5 Qxc5 26. Qxe4+ Ne6 27.
Qxb7 Qxg5+ 28. Kb1 Rd8 29. Bd5 Qf6 30. Rd3 Ng5 31. f4 Ne6 32. c3 Kf8 33. Qb6
Nxf4 34. Rd4 Qxd6 0-1

[Event "47th IT Bosna 2017"]
[Site "Sarajevo"]
[Date "2017.05.13"]
[Round "1.3"]
[White "Perunovic, Milos"]
[Black "Slamar, Velimir"]
[Result "1-0"]
[WhiteElo "2603"]
[BlackElo "2059"]
[PlyCount "45"]
[EventDate "2017.05.13"]

1. e4 c6 2. d4 d5 3. e5 Bf5 4. Nf3 e6 5. Be2 Nd7 6. O-O Ne7 7. c3 Bg6 8. Nh4
Nf5 9. Nxg6 hxg6 10. Nd2 Be7 11. Nf3 O-O 12. g3 c5 13. Kg2 Rc8 14. h4 Re8 15.
Rh1 Bf8 16. h5 gxh5 17. Rxh5 g6 18. Rh3 cxd4 19. g4 Ne7 20. Qh1 Bg7 21. Bh6 Bh8
22. Bg5 Bg7 23. Rh7 1-0

[Event "47th IT Bosna 2017"]
[Site "Sarajevo"]
[Date "2017.05.13"]
[Round "1.4"]
[White "Musovic, Sabrija"]
[Black "Damljanovic, Branko"]
[Result "0-1"]
[WhiteElo "2053"]
[BlackElo "2543"]
[PlyCount "88"]
[EventDate "2017.05.13"]

1. e4 c5 2. Nf3 e6 3. d4 cxd4 4. Nxd4 Nf6 5. Bd3 Nc6 6. Nxc6 bxc6 7. O-O d5 8.
exd5 cxd5 9. c4 dxc4 10. Bxc4 Bd6 11. Bb5+ Ke7 12. Nc3 Qc7 13. h3 Bb7 14. Re1
Rhd8 15. Qa4 a6 16. Bf1 Bc6 17. Qh4 h6 18. Be3 g5 19. Qc4 Rab8 20. Bc5 Bb5 21.
Nxb5 axb5 22. Bxd6+ Qxd6 23. Qb3 b4 24. a4 bxa3 25. Qxa3 Qb4 26. b3 Qxa3 27.
Rxa3 Rb7 28. Ba6 Ra7 29. b4 Rb8 30. Rb1 Nd5 31. b5 Nc7 32. Ra5 Rxa6 33. bxa6
Rxb1+ 34. Kh2 Rb8 35. a7 Ra8 36. Kg3 Nd5 37. Ra6 f5 38. h4 Kf6 39. hxg5+ hxg5
40. Kf3 g4+ 41. Ke2 Ke7 42. g3 Kd7 43. f3 gxf3+ 44. Kxf3 Nb4 0-1

[Event "47th IT Bosna 2017"]
[Site "Sarajevo"]
[Date "2017.05.13"]
[Round "1.5"]
[White "Kadric, Denis"]
[Black "Garabetyan, Arno"]
[Result "1/2-1/2"]
[WhiteElo "2535"]
[BlackElo "2050"]
[PlyCount "91"]
[EventDate "2017.05.13"]

1. e4 c5 2. Nc3 e6 3. Nf3 a6 4. d4 cxd4 5. Nxd4 Qc7 6. Bd3 Nf6 7. O-O d6 8. f4
Nbd7 9. Kh1 Be7 10. Qe2 b5 11. Bd2 Bb7 12. b4 g6 13. a4 bxa4 14. Nxa4 O-O 15.
c4 e5 16. Nb3 exf4 17. Bxf4 Nh5 18. Bd2 Bf6 19. Nc3 Be5 20. Rac1 Qd8 21. g4 Ng7
22. Na5 Rb8 23. Nd5 Ba8 24. Qg2 Kh8 25. Rf3 Ne6 26. Rcf1 Ng5 27. R3f2 Bg7 28.
Bb1 Rc8 29. Be3 Ne6 30. Rxf7 Rxf7 31. Rxf7 Nef8 32. Rf1 Ne5 33. Nb6 Rb8 34.
Nxa8 Rxa8 35. g5 Qc8 36. Rc1 Ng4 37. Bg1 Rb8 38. Qd2 Ne6 39. Qxd6 Be5 40. Qd1
Nxg5 41. Nc6 Nh3 42. Qf1 Nhf2+ 43. Bxf2 Qxc6 44. Bg1 Kg7 45. Qe2 h5 46. Qd2
1/2-1/2

[Event "47th IT Bosna 2017"]
[Site "Sarajevo"]
[Date "2017.05.13"]
[Round "1.6"]
[White "Cunjalo, Faris"]
[Black "Savic, Miodrag R"]
[Result "1-0"]
[WhiteElo "2042"]
[BlackElo "2512"]
[PlyCount "127"]
[EventDate "2017.05.13"]

1. d4 Nf6 2. c4 e6 3. g3 d5 4. Nf3 Be7 5. Bg2 O-O 6. O-O dxc4 7. Ne5 c5 8. dxc5
Qc7 9. Nxc4 Qxc5 10. b3 Rd8 11. Qc2 Nc6 12. Ba3 Nb4 13. Qc1 Nfd5 14. Nc3 Nxc3
15. Qxc3 a5 16. Bb2 Bf6 17. Qc1 Be7 18. Qc3 f6 19. Ne3 Qxc3 20. Bxc3 Ra6 21. a4
Nc6 22. Rac1 Bd7 23. Rfd1 Be8 24. Nc4 Rxd1+ 25. Rxd1 Bb4 26. Bxb4 axb4 27. Nd6
Bh5 28. Nxb7 Rb6 29. Nc5 Ne7 30. Rd8+ Kf7 31. a5 Rb5 32. a6 Ra5 33. Bf1 Nc6 34.
Rd7+ Ke8 35. Rc7 Rxc5 36. a7 Ra5 37. Rc8+ Ke7 38. a8=Q Rxa8 39. Rxa8 Nd4 40.
Rb8 Nxb3 41. Rxb4 Nc5 42. Rb5 Kd6 43. Ra5 Be8 44. Ra7 Bd7 45. f3 h6 46. Kf2 Na4
47. e3 Nc5 48. Bc4 g6 49. h4 f5 50. Ke2 g5 51. h5 Be8 52. g4 fxg4 53. fxg4 Bd7
54. Bd3 Bc6 55. Rh7 Nxd3 56. Kxd3 Bf3 57. Rxh6 Bxg4 58. Kd4 Bf3 59. e4 Bg4 60.
Rh7 e5+ 61. Ke3 Ke6 62. h6 Kf6 63. Ra7 Kg6 64. h7 1-0

[Event "47th IT Bosna 2017"]
[Site "Sarajevo"]
[Date "2017.05.13"]
[Round "1.7"]
[White "Milanovic, Danilo"]
[Black "Urh, Zala"]
[Result "1-0"]
[WhiteElo "2510"]
[BlackElo "2036"]
[PlyCount "155"]
[EventDate "2017.05.13"]

1. d4 Nf6 2. c4 e6 3. Nc3 Bb4 4. e3 O-O 5. Bd3 b6 6. Nge2 d5 7. cxd5 exd5 8.
O-O Be6 9. Bd2 Bd6 10. f3 c5 11. Rc1 Nc6 12. Be1 Rc8 13. Bh4 Re8 14. Ba6 Rb8
15. Nb5 Bf8 16. a3 Bc8 17. Bxc8 Rxc8 18. Qd2 Na5 19. Nxa7 Ra8 20. Nb5 Nb3 21.
Qd1 Nxc1 22. Qxc1 Rc8 23. Nbc3 Be7 24. Qd2 Qd7 25. Rd1 Rcd8 26. Bf2 c4 27. h3
Qc6 28. Na2 h6 29. Re1 Bd6 30. Bh4 Bb8 31. Nb4 Qe6 32. Nc3 g5 33. Bf2 Qd6 34.
Kf1 Qh2 35. Nc6 Rd7 36. Nxb8 Qxb8 37. Kg1 Rde7 38. Qc2 Qc8 39. e4 dxe4 40. fxe4
Qd7 41. e5 Nd5 42. Ne4 b5 43. Nd6 Rd8 44. Bg3 Re6 45. Qf2 Rf8 46. Qf3 Nb6 47.
d5 Rg6 48. Nf5 Kh7 49. Rd1 Na4 50. Rd2 Nc5 51. Ne3 Nd3 52. b3 Rc8 53. bxc4 bxc4
54. Rc2 Qa7 55. Kh2 Nf4 56. Bxf4 gxf4 57. Qxf4 c3 58. Rf2 Rc7 59. d6 Rb7 60.
Nc2 Qa5 61. Qe4 Qb6 62. Rf3 Kg7 63. Rxc3 Qf2 64. Qxb7 Qf4+ 65. Kg1 Qc1+ 66. Kh2
Qf4+ 67. Kg1 Qc1+ 68. Kf2 Qd2+ 69. Kf1 Qxc3 70. Qe4 Qd2 71. Nd4 Qc1+ 72. Kf2
Qb2+ 73. Kg1 Qc1+ 74. Kh2 Qc8 75. Nf5+ Kh7 76. Ne7 Qe6 77. Nxg6 fxg6 78. Qd4
1-0

[Event "47th IT Bosna 2017"]
[Site "Sarajevo"]
[Date "2017.05.13"]
[Round "1.8"]
[White "Rozic, Slaven"]
[Black "Nestorovic, Nikola"]
[Result "0-1"]
[WhiteElo "2033"]
[BlackElo "2506"]
[PlyCount "80"]
[EventDate "2017.05.13"]

1. d4 Nf6 2. c4 e6 3. Nc3 Bb4 4. e3 O-O 5. Nge2 Re8 6. a3 Bf8 7. g3 d5 8. cxd5
exd5 9. Bg2 a5 10. O-O c6 11. Bd2 Bf5 12. Na4 Nbd7 13. b4 axb4 14. Bxb4 Be4 15.
Nec3 Bxg2 16. Kxg2 b5 17. Bxf8 Kxf8 18. Nb2 Qe7 19. a4 b4 20. Nb1 Qe4+ 21. Kg1
h5 22. Nd2 Qf5 23. h4 c5 24. dxc5 Ne5 25. Kg2 Ne4 26. Nxe4 dxe4 27. Qe2 Nf3 28.
Rh1 Rad8 29. Rad1 Qg4 30. Qc2 Ne5 31. c6 Qf3+ 32. Kh3 g5 33. hxg5 h4 34. Rhg1
Qg4+ 35. Kg2 h3+ 36. Kh2 Nf3+ 37. Kh1 Nxg1 38. Rxg1 b3 39. Qc5+ Kg8 40. Nd1
Rxd1 0-1

[Event "47th IT Bosna 2017"]
[Site "Sarajevo"]
[Date "2017.05.13"]
[Round "1.9"]
[White "Kosic, Dragan"]
[Black "Halilovic, Fahrudin"]
[Result "1-0"]
[WhiteElo "2485"]
[BlackElo "2032"]
[PlyCount "57"]
[EventDate "2017.05.13"]

1. d4 f5 2. Nc3 d5 3. Bf4 Nf6 4. e3 c6 5. Bd3 e6 6. Nf3 Nbd7 7. O-O Nh5 8. Bg5
Qb6 9. Rb1 h6 10. Bh4 g5 11. Ne5 Nhf6 12. Bg3 h5 13. h4 gxh4 14. Bxh4 Ng4 15.
Ng6 Rg8 16. Nxf8 Nxf8 17. Qf3 Qc7 18. Qh3 Ng6 19. Bg5 Qh7 20. f3 Nf8 21. Bf4
Nf6 22. Be5 N8d7 23. Bd6 b6 24. e4 Nf8 25. exf5 exf5 26. Rbe1+ Ne4 27. fxe4
fxe4 28. Nxe4 dxe4 29. Bxe4 1-0

[Event "47th IT Bosna 2017"]
[Site "Sarajevo"]
[Date "2017.05.13"]
[Round "1.10"]
[White "Jovovic, Milan"]
[Black "Blagojevic, Dragisa"]
[Result "0-1"]
[WhiteElo "2032"]
[BlackElo "2480"]
[PlyCount "160"]
[EventDate "2017.05.13"]

1. d4 d5 2. Bf4 c5 3. e3 Nc6 4. c3 Nf6 5. Nd2 Bf5 6. Qb3 Qd7 7. Ngf3 c4 8. Qd1
e6 9. b3 b5 10. a4 b4 11. cxb4 c3 12. Bb5 cxd2+ 13. Kf1 a6 14. Ne5 axb5 15.
Nxd7 Nxd7 16. Qxd2 Bxb4 17. Qe2 Bc3 18. Rc1 b4 19. Qb5 Na5 20. Ke2 Ke7 21. Bc7
Rhc8 22. Bxa5 Rcb8 23. Bxb4+ Bxb4 24. Qc6 Ra7 25. f3 Ba5 26. g4 Bg6 27. e4 Rxb3
28. Rhd1 dxe4 29. fxe4 Rb6 30. Qc2 Rd6 31. Kf3 Nf6 32. Qc5 Bb6 33. Qb4 Bxe4+
34. Kg3 Nd5 35. Qa3 Kd7 36. Rc5 Bc7 37. Rdc1 Rc6+ 38. Kf2 Bd6 39. Qb3 Bxc5 40.
dxc5 Ne7 41. Ke3 Bd5 42. Qb5 e5 43. a5 Ke6 44. Rb1 g6 45. g5 Rac7 46. Rc1 Nf5+
47. Kf2 f6 48. gxf6 Kxf6 49. a6 Nd4 50. Qb8 Ne6 51. a7 Ra6 52. Rd1 Bc6 53. Rd6
Raxa7 54. Qb6 Bd7 55. c6 Be8 56. Qb8 Ra2+ 57. Kg3 Ra3+ 58. Kf2 Rxc6 59. Rxc6
Bxc6 60. Qh8+ Kf7 61. Ke1 Ra1+ 62. Kd2 Ra2+ 63. Ke3 Rxh2 64. Qxe5 Rh5 65. Qa1
Rd5 66. Qf1+ Kg7 67. Qa1+ Nd4 68. Qa7+ Rd7 69. Qc5 h5 70. Qe5+ Kh7 71. Qf6 Nf5+
72. Kf2 Bd5 73. Qe5 h4 74. Qe8 Rf7 75. Kg1 g5 76. Qd8 Ne7 77. Qd7 Kg7 78. Kh2
Rf2+ 79. Kg1 Re2 80. Qg4 Rg2+ 0-1

[Event "47th IT Bosna 2017"]
[Site "Sarajevo"]
[Date "2017.05.13"]
[Round "1.11"]
[White "Stojanovic, Dalibor"]
[Black "Nezirovic, Ozren"]
[Result "1-0"]
[WhiteElo "2478"]
[BlackElo "2013"]
[PlyCount "62"]
[EventDate "2017.05.13"]

1. e4 e5 2. Bc4 Nf6 3. d3 Nc6 4. Nf3 h6 5. O-O d6 6. c3 g6 7. d4 Qe7 8. Nbd2
Bg7 9. Re1 O-O 10. h3 Kh7 11. Nf1 a6 12. Ne3 Bd7 13. Nd5 Qd8 14. a4 Rb8 15. Bb3
exd4 16. cxd4 Nxd5 17. Bxd5 Nb4 18. Bb3 a5 19. Bf4 g5 20. Bd2 g4 21. hxg4 Bxg4
22. Bxb4 axb4 23. Qd3 Qf6 24. Nh2 Bh5 25. e5+ Qg6 26. Qd2 dxe5 27. Bc2 f5 28.
dxe5 Qe6 29. Qxb4 Bxe5 30. Qh4 Bg6 31. Nf3 Qf6 1-0

[Event "47th IT Bosna 2017"]
[Site "Sarajevo"]
[Date "2017.05.13"]
[Round "1.12"]
[White "Lakovic, Igor"]
[Black "Drasko, Milan"]
[Result "0-1"]
[WhiteElo "2009"]
[BlackElo "2446"]
[PlyCount "82"]
[EventDate "2017.05.13"]

1. d4 e6 2. c4 Nf6 3. Nc3 Bb4 4. Qc2 d6 5. Nf3 O-O 6. a3 Bxc3+ 7. Qxc3 b6 8. b4
Bb7 9. e3 Nbd7 10. Bb2 Qe7 11. Be2 c5 12. O-O Ne4 13. Qc2 f5 14. Ne1 cxd4 15.
exd4 Rac8 16. f3 Nef6 17. Qd2 Rc7 18. a4 e5 19. d5 Rfc8 20. f4 g6 21. Qe3 Re8
22. Bd3 Ng4 23. Qg3 Ndf6 24. fxe5 dxe5 25. Be2 Qxb4 26. Nd3 Qd6 27. Bxg4 Nxg4
28. h3 Rxc4 29. hxg4 Rxg4 30. Qf2 Qxd5 31. Ne1 Ba6 32. Nc2 Bxf1 33. Rxf1 Rxa4
34. Ne3 Qe6 35. Rd1 Ra2 36. Qc2 Rc8 37. Qe2 Ra5 38. Qd3 Kf7 39. Qd7+ Qxd7 40.
Rxd7+ Ke6 41. Rxh7 Ra2 0-1

[Event "47th IT Bosna 2017"]
[Site "Sarajevo"]
[Date "2017.05.13"]
[Round "1.13"]
[White "Lajthajm, Borko"]
[Black "Cosovic, Aziz"]
[Result "1-0"]
[WhiteElo "2428"]
[BlackElo "2006"]
[PlyCount "87"]
[EventDate "2017.05.13"]

1. d4 Nf6 2. c4 e5 3. dxe5 Ng4 4. Nf3 Bc5 5. e3 Nc6 6. a3 a5 7. Nc3 Ngxe5 8. b3
d6 9. Bb2 O-O 10. Be2 Be6 11. h4 f6 12. Nd4 Qd7 13. Nxe6 Qxe6 14. Nd5 Qd7 15.
h5 Rae8 16. Rh3 Ne7 17. b4 Bb6 18. h6 Nxd5 19. Qxd5+ Qe6 20. hxg7 Rf7 21. Qxe6
Rxe6 22. f4 Nd7 23. c5 dxc5 24. Bc4 Ree7 25. b5 Kxg7 26. Bxf7 Rxf7 27. Ke2 Re7
28. Rah1 Nf8 29. Rh6 Re6 30. f5 Rd6 31. e4 Kf7 32. Rd1 Rxd1 33. Kxd1 Nd7 34.
Rxh7+ Ke8 35. g4 c6 36. bxc6 bxc6 37. g5 fxg5 38. e5 Nf8 39. Rb7 Bd8 40. e6 c4
41. Be5 g4 42. Bd6 g3 43. Bxg3 Bf6 44. Bd6 1-0

[Event "47th IT Bosna 2017"]
[Site "Sarajevo"]
[Date "2017.05.13"]
[Round "1.14"]
[White "Sinanovic, Ermin"]
[Black "Drazic, Sinisa"]
[Result "0-1"]
[WhiteElo "1973"]
[BlackElo "2427"]
[PlyCount "56"]
[EventDate "2017.05.13"]

1. e4 d6 2. d4 Nf6 3. Nc3 g6 4. Be3 c6 5. f3 b5 6. a4 b4 7. Na2 a5 8. c4 Nbd7
9. Bd3 c5 10. Ne2 Bg7 11. Nac1 O-O 12. Nb3 Qc7 13. O-O Bb7 14. Qd2 Rfe8 15.
Rfd1 Rac8 16. d5 Ne5 17. Ng3 Nxd3 18. Qxd3 Nd7 19. Qe2 e6 20. dxe6 fxe6 21. Bf4
Ne5 22. h4 Rf8 23. Be3 h5 24. Nd2 Ba6 25. b3 d5 26. Ngf1 dxc4 27. bxc4 Nc6 28.
Rac1 Nd4 0-1

[Event "47th IT Bosna 2017"]
[Site "Sarajevo"]
[Date "2017.05.13"]
[Round "1.15"]
[White "Filipovic, Branko"]
[Black "Haskovic, Salih"]
[Result "1-0"]
[WhiteElo "2413"]
[BlackElo "1967"]
[PlyCount "77"]
[EventDate "2017.05.13"]

1. d4 Nf6 2. Bf4 d5 3. e3 Bf5 4. Nf3 a6 5. c4 e6 6. Nc3 c6 7. Qb3 b5 8. c5 Be7
9. h3 h6 10. a4 Nbd7 11. Be2 Bh7 12. O-O O-O 13. Ra2 Qc8 14. Rfa1 Qb7 15. axb5
axb5 16. Bh2 Rfc8 17. Bf1 Ne4 18. Rxa8 Rxa8 19. Rxa8+ Qxa8 20. Qa2 Qb7 21. Nxe4
Bxe4 22. Nd2 Bg6 23. Qa5 e5 24. Nf3 exd4 25. exd4 Bf5 26. Qe1 Be6 27. Bd3 Bf6
28. Qa5 g6 29. Bd6 Kg7 30. Ne5 Bxe5 31. dxe5 Qc8 32. Qa7 Kh7 33. f3 h5 34. Kh2
Kg8 35. b4 Kg7 36. Be7 Qe8 37. Bh4 Qc8 38. Qa1 Kf8 39. Qa7 1-0

[Event "47th IT Bosna 2017"]
[Site "Sarajevo"]
[Date "2017.05.13"]
[Round "1.16"]
[White "Alaz, Ahmet Efekan"]
[Black "Marjanovic, Dejan"]
[Result "0-1"]
[WhiteElo "1965"]
[BlackElo "2412"]
[PlyCount "80"]
[EventDate "2017.05.13"]

1. d4 Nf6 2. Nf3 e6 3. Nbd2 c5 4. e3 b6 5. Bd3 Bb7 6. O-O Be7 7. b3 O-O 8. Bb2
Nc6 9. a3 Rc8 10. Qe2 Qc7 11. Rfd1 Rfe8 12. Rac1 cxd4 13. exd4 d5 14. Ne5 Nxe5
15. dxe5 Nd7 16. c4 Qb8 17. cxd5 Bxd5 18. Bb5 Rxc1 19. Rxc1 Rd8 20. b4 a5 21.
bxa5 bxa5 22. Nf1 Nc5 23. a4 Qb7 24. Ne3 Bb3 25. Bc3 Qa7 26. Qe1 Bxa4 27. Bxa4
Nd3 28. Qf1 Nxc1 29. Qxc1 Bb4 30. Bxb4 axb4 31. Qc6 Qd4 32. Qb5 h5 33. g3 h4
34. gxh4 Qxh4 35. Nc4 Qg4+ 36. Kf1 Rc8 37. Bb3 Qh3+ 38. Kg1 Qxb3 39. Nd6 Rc1+
40. Kg2 Qd5+ 0-1

[Event "47th IT Bosna 2017"]
[Site "Sarajevo"]
[Date "2017.05.13"]
[Round "1.17"]
[White "Stankovic, Milos"]
[Black "Muhibic, Cazim"]
[Result "1-0"]
[WhiteElo "2406"]
[BlackElo "1956"]
[PlyCount "63"]
[EventDate "2017.05.13"]

1. e4 g6 2. d4 Bg7 3. Nc3 d6 4. Be3 Nf6 5. Nf3 O-O 6. Bd3 Nbd7 7. Qe2 Ng4 8.
Bg5 c5 9. Nd5 Qa5+ 10. b4 cxb4 11. Nxe7+ Kh8 12. Bd2 Qa3 13. O-O Qa5 14. a3 Qd8
15. Nxc8 Rxc8 16. axb4 a6 17. c3 Re8 18. Ng5 Nh6 19. Qf3 f6 20. Nh3 Nf7 21.
Rfe1 Qc7 22. Nf4 Nb6 23. Qh3 Kg8 24. Qg3 Nc4 25. Nd5 Qd8 26. Bxc4 Rxc4 27. Qd3
Rc8 28. b5 axb5 29. Qxb5 Rb8 30. f3 Kf8 31. Ra7 Qc8 32. Nb6 1-0

[Event "47th IT Bosna 2017"]
[Site "Sarajevo"]
[Date "2017.05.13"]
[Round "1.18"]
[White "Ananya, Rishi Gupta"]
[Black "Jakovljevic, Vlado"]
[Result "0-1"]
[WhiteElo "1955"]
[BlackElo "2384"]
[PlyCount "84"]
[EventDate "2017.05.13"]

1. e4 c5 2. c3 Nf6 3. e5 Nd5 4. d4 cxd4 5. Nf3 Nc6 6. cxd4 d6 7. Bc4 Nb6 8. Bb5
dxe5 9. Nxe5 Bd7 10. Nc3 Nxe5 11. dxe5 Bxb5 12. Qxd8+ Rxd8 13. Nxb5 a6 14. Nc7+
Kd7 15. Be3 Nc4 16. Rd1+ Kxc7 17. Rc1 b5 18. b3 e6 19. bxc4 b4 20. Ke2 Kc6 21.
Rhd1 Bc5 22. Bg5 Rxd1 23. Rxd1 a5 24. f3 h6 25. Bc1 Be7 26. Bb2 a4 27. Rd3 Rc8
28. Ke3 Rc7 29. Rd1 Kb6 30. Rc1 Rd7 31. Rc2 Kc5 32. f4 a3 33. Bc1 Rd4 34. Ke2
Rxc4 35. Be3+ Kd5 36. Rd2+ Ke4 37. g3 h5 38. Bg1 Rc1 39. Be3 Bc5 40. Bxc5 Rxc5
41. Kf2 Rc1 42. Rd7 b3 0-1

[Event "47th IT Bosna 2017"]
[Site "Sarajevo"]
[Date "2017.05.13"]
[Round "1.19"]
[White "Muratovic, Efim"]
[Black "Dedic, Nedzad"]
[Result "1-0"]
[WhiteElo "2383"]
[BlackElo "1940"]
[PlyCount "97"]
[EventDate "2017.05.13"]

1. Nf3 d5 2. g3 Nf6 3. Bg2 g6 4. c4 Bg7 5. cxd5 Nxd5 6. O-O O-O 7. d4 c6 8. e4
Nf6 9. Nc3 Bg4 10. Be3 Qc8 11. Qb3 Nbd7 12. Rac1 b6 13. Ng5 h6 14. Nxf7 Rxf7
15. e5 Nxe5 16. dxe5 Be6 17. Qa4 Ng4 18. Nd5 b5 19. Qa3 Qd8 20. Nf4 Bd5 21.
Rfd1 Rxf4 22. Bxf4 Qb6 23. Bxd5+ cxd5 24. Qf3 Qe6 25. Rxd5 Rf8 26. Qe4 g5 27.
Be3 Nf6 28. Qg6 Qxd5 29. exf6 Rxf6 30. Rc8+ Rf8 31. Rxf8+ Kxf8 32. b3 a5 33. h3
a4 34. bxa4 bxa4 35. Qc2 Qd7 36. Qe4 Kf7 37. h4 gxh4 38. Qxh4 Qd1+ 39. Kh2 h5
40. Qe4 Qg4 41. Qd5+ Kg6 42. Bf4 Qe2 43. Kg2 e6 44. Qg5+ Kf7 45. Be3 Qg4 46.
Qd8 Qe4+ 47. Kh2 Bf6 48. Qd7+ Be7 49. Bc5 1-0

[Event "47th IT Bosna 2017"]
[Site "Sarajevo"]
[Date "2017.05.13"]
[Round "1.20"]
[White "Zenelaj, Fisnik"]
[Black "Nikolic, Nebojsa"]
[Result "0-1"]
[WhiteElo "1919"]
[BlackElo "2378"]
[PlyCount "42"]
[EventDate "2017.05.13"]

1. e4 c5 2. Nf3 d6 3. d4 cxd4 4. Nxd4 Nf6 5. Nc3 g6 6. f3 Bg7 7. Be3 O-O 8. Qd2
Nc6 9. O-O-O Bd7 10. h4 h5 11. Kb1 Rc8 12. Nxc6 bxc6 13. Bh6 Be6 14. Bxg7 Kxg7
15. Qg5 Qb6 16. e5 Nh7 17. Qxe7 Rfd8 18. Rxd6 Re8 19. Rxe6 Rxe7 20. Rxe7 Rb8
21. Rxf7+ Kxf7 0-1

[Event "47th IT Bosna 2017"]
[Site "Sarajevo"]
[Date "2017.05.13"]
[Round "1.22"]
[White "Okuyaz, Duru"]
[Black "Bistric, Faruk"]
[Result "0-1"]
[WhiteElo "1917"]
[BlackElo "2349"]
[PlyCount "62"]
[EventDate "2017.05.13"]

1. e4 c5 2. Nf3 d6 3. Bb5+ Bd7 4. Bxd7+ Nxd7 5. O-O Ngf6 6. Re1 e6 7. c3 Rc8 8.
d4 cxd4 9. cxd4 d5 10. e5 Ne4 11. Nbd2 Nxd2 12. Bxd2 Be7 13. Qa4 a6 14. Ba5 b5
15. Bxd8 bxa4 16. Ba5 Nb8 17. Rac1 Kd7 18. a3 Rxc1 19. Rxc1 Nc6 20. Bc3 Rc8 21.
Kf1 Na5 22. Ke2 f6 23. Kd3 Nc4 24. exf6 gxf6 25. Nd2 Nd6 26. g4 e5 27. Re1 e4+
28. Ke3 f5 29. gxf5 Nxf5+ 30. Kf4 Rf8 31. Ke5 Nd6 0-1

[Event "47th IT Bosna 2017"]
[Site "Sarajevo"]
[Date "2017.05.13"]
[Round "1.23"]
[White "Sarenac, David"]
[Black "Vujicic, Dragisa"]
[Result "1-0"]
[WhiteElo "2346"]
[BlackElo "1914"]
[PlyCount "81"]
[EventDate "2017.05.13"]

1. e4 c5 2. Nf3 d6 3. d4 cxd4 4. Nxd4 Nf6 5. Nc3 a6 6. Bg5 Qb6 7. Qd2 Qxb2 8.
Rb1 Qa3 9. f4 Qa5 10. Be2 Nc6 11. Nb3 Qa3 12. O-O h5 13. Rbd1 Be6 14. f5 Bxb3
15. cxb3 Ne5 16. Rc1 Qa5 17. Rc2 Nfg4 18. Kh1 f6 19. Bf4 g5 20. fxg6 Nxg6 21.
Nd5 Qxd2 22. Bxd2 Kf7 23. Rc7 Bg7 24. Rxb7 Rac8 25. Bc4 Kf8 26. Nc7 N4e5 27.
Be6 Rd8 28. Nxa6 Bh6 29. Bxh6+ Rxh6 30. Nc7 Nd3 31. b4 Ndf4 32. g3 Nxe6 33.
Nxe6+ Ke8 34. Nxd8 Kxd8 35. a4 h4 36. g4 h3 37. a5 Rh4 38. a6 Kc8 39. Rf3 Ne5
40. Rc3+ Kd8 41. a7 1-0

[Event "47th IT Bosna 2017"]
[Site "Sarajevo"]
[Date "2017.05.13"]
[Round "1.24"]
[White "Janjic, Nikola"]
[Black "Arapovic, Vitomir"]
[Result "0-1"]
[WhiteElo "1909"]
[BlackElo "2330"]
[PlyCount "86"]
[EventDate "2017.05.13"]

1. c4 e5 2. Nc3 Nc6 3. e3 g6 4. d4 d6 5. d5 Nce7 6. Nf3 f5 7. e4 Nf6 8. Bd3 Bg7
9. b3 O-O 10. Bb2 fxe4 11. Nxe4 Bg4 12. Nxf6+ Bxf6 13. Be4 Bxf3 14. Bxf3 Nf5
15. Be4 a5 16. a4 Bg7 17. O-O Qh4 18. Bxf5 gxf5 19. f4 e4 20. Bxg7 Kxg7 21.
Qd4+ Qf6 22. Qxf6+ Kxf6 23. Kf2 Rg8 24. g3 h5 25. Ke3 h4 26. Rg1 Rg4 27. Rg2
hxg3 28. hxg3 Rh8 29. Kf2 Ke7 30. Rc1 c6 31. Ke3 Rh3 32. Kf2 Rg8 33. Rd1 Kd7
34. Rc1 Kc7 35. Rb1 Rgh8 36. b4 Rh1 37. Rxh1 Rxh1 38. bxa5 cxd5 39. cxd5 Rd1
40. g4 Rd2+ 41. Kf1 Rxg2 42. Kxg2 fxg4 43. Kg3 e3 0-1

[Event "47th IT Bosna 2017"]
[Site "Sarajevo"]
[Date "2017.05.13"]
[Round "1.25"]
[White "Sutkovic, Damir"]
[Black "Colpa, Husein"]
[Result "1-0"]
[WhiteElo "2317"]
[BlackElo "1904"]
[PlyCount "103"]
[EventDate "2017.05.13"]

1. d4 Nf6 2. c4 c5 3. d5 e5 4. Nc3 d6 5. e4 g6 6. Be2 Bg7 7. g4 h5 8. g5 Nh7 9.
Nf3 O-O 10. Rg1 Bd7 11. Be3 Na6 12. Nh4 Nc7 13. Bxh5 b5 14. Be2 bxc4 15. Bxc4
Rb8 16. Qe2 Qe8 17. Nf3 a6 18. a4 Rb4 19. b3 Qa8 20. Nd2 Rfb8 21. h4 Qb7 22.
Rg3 Qc8 23. Kf1 Qe8 24. h5 gxh5 25. Qxh5 Nf8 26. Rc1 f5 27. Qxe8 Rxe8 28. exf5
Bxf5 29. Nde4 Rd8 30. Rf3 Bg6 31. Kg2 Ne8 32. Rh1 Rb7 33. Ng3 Rdd7 34. Nce4 Rf7
35. Rxf7 Kxf7 36. Rb1 a5 37. Bd2 Ra7 38. Re1 Nd7 39. Bb5 Bf8 40. Bxa5 Rxa5 41.
Bxd7 Ke7 42. Bf5 Bf7 43. Nc3 Nc7 44. Be4 Ra8 45. g6 Bg8 46. Nf5+ Kf6 47. g7 Be7
48. Rh1 Ne8 49. Rh6+ Kf7 50. Nb5 Rd8 51. Re6 Rd7 52. Nh6+ 1-0

[Event "47th IT Bosna 2017"]
[Site "Sarajevo"]
[Date "2017.05.13"]
[Round "1.26"]
[White "Cabric, Izet"]
[Black "Popovic, Zoran"]
[Result "0-1"]
[WhiteElo "1895"]
[BlackElo "2300"]
[PlyCount "50"]
[EventDate "2017.05.13"]

1. e4 c6 2. d4 d5 3. Nc3 dxe4 4. Nxe4 Bf5 5. Ng3 Bg6 6. h4 h6 7. h5 Bh7 8. Nf3
Nd7 9. Bd3 Bxd3 10. Qxd3 e6 11. Bd2 Ngf6 12. O-O-O Be7 13. c4 O-O 14. Bc3 b5
15. cxb5 cxb5 16. Qxb5 Nd5 17. Ne4 Qc7 18. Ne5 Nxe5 19. dxe5 Rab8 20. Qa5 Qc6
21. Kb1 Rb5 22. Qxa7 Nxc3+ 23. Nxc3 Qxc3 24. Qd4 Rxb2+ 25. Ka1 Rxa2+ 0-1

[Event "47th IT Bosna 2017"]
[Site "Sarajevo"]
[Date "2017.05.13"]
[Round "1.27"]
[White "Vajic, Goran"]
[Black "Kuljanin, Filip"]
[Result "1-0"]
[WhiteElo "2295"]
[BlackElo "1895"]
[PlyCount "43"]
[EventDate "2017.05.13"]

1. e4 d6 2. d4 f5 3. Nc3 Nf6 4. exf5 Bxf5 5. Bd3 Qd7 6. Nge2 a6 7. O-O Bxd3 8.
Qxd3 Nc6 9. Bf4 O-O-O 10. d5 Na7 11. Be3 Kb8 12. b4 h6 13. Rab1 Ng4 14. Bxa7+
Kxa7 15. b5 Ne5 16. Qd4+ b6 17. f4 Nf7 18. bxa6 e5 19. dxe6 Qxe6 20. Nb5+ Kb8
21. a7+ Kb7 22. Nxc7 1-0

[Event "47th IT Bosna 2017"]
[Site "Sarajevo"]
[Date "2017.05.13"]
[Round "1.28"]
[White "Stanivukovic, Drago"]
[Black "Trkulja, Goran"]
[Result "0-1"]
[WhiteElo "1892"]
[BlackElo "2291"]
[PlyCount "94"]
[EventDate "2017.05.13"]

1. d4 Nf6 2. Bg5 e6 3. e4 h6 4. Bxf6 Qxf6 5. Nf3 Qe7 6. c3 g6 7. Bd3 Bg7 8.
Nbd2 d6 9. O-O Nd7 10. Re1 e5 11. d5 O-O 12. Bb5 a6 13. Bxd7 Bxd7 14. a4 f5 15.
b4 f4 16. Nf1 g5 17. N3d2 g4 18. f3 h5 19. Qe2 Qg5 20. c4 a5 21. b5 b6 22. Ra3
Rf6 23. Qf2 Rg6 24. Kh1 Bf6 25. g3 Kf7 26. fxg4 hxg4 27. Kg1 Rh8 28. Nb1 Rgh6
29. Rd1 Ke7 30. Rd2 Rh3 31. Rad3 Qg6 32. Nc3 fxg3 33. Nxg3 Bg5 34. Rc2 Rf8 35.
Qg2 Qh6 36. Nd1 Bf4 37. Rcc3 Rh8 38. Rc2 Kd8 39. Re2 Bxg3 40. Rxg3 Qc1 41. Qf1
Qxc4 42. Rxh3 Rxh3 43. Qf8+ Be8 44. Qf6+ Kc8 45. Qf8 Qxe2 46. Qxe8+ Kb7 47.
Qc6+ Kb8 0-1